000 00303nam a22001097a 4500
008 170118b xxu||||| |||| 00| 0 eng d
020 _a9780833087041
041 _aeng
080 _a618.2
245 _aFINDINGS FROM EXISTING DATA ON THE DEPARTMENT OF DEFENSE INDUSTRIAL BASE
_cMOORE, N,Y
942 _2udc
_cBK
999 _c3064
_d3064